[Event "Olympiad Women 2024"]
[Site "Budapest HUN"]
[Date "2024.09.20"]
[Round "9.53"]
[Board "3"]
[White "Kawuma Patricia"]
[Black "El Harrak, Maryam"]
[Result "1/2-1/2"]
[WhiteElo "1839"]
[BlackElo "1639"]
[PlyCount "120"]
[EventDate "2024.09.11"]
[WhiteTeam "Uganda"]
[BlackTeam "Morocco"]
[WhiteTeamCountry "UGA"]
[BlackTeamCountry "MAR"]

1. e4 c6 2. d4 d5 3. exd5 cxd5 4. Bd3 Nc6 5. c3 Nf6 6. h3 Ne4 7. Bxe4 $146 ({RR} 7. Nd2 Bf5 8. Qf3 Nxd2 9. Qxf5 e6 10. Qg4 Nc4 11. Qe2 b5 12. Nf3 a6 13. O-O Be7 14. Bf4 O-O 15. Rad1 Rc8 16. Rfe1 Re8 17. a3 {½-½ Thesing,M (2430)-Kachiani Gersinska,K (2375) Bundesliga 9697 1996 [4]}) ({RR} 7. Nd2 Nd6 8. Qf3 e5 9. dxe5 Nxe5 10. Qe2 Qe7 11. Bc2 Bf5 12. Bxf5 Nxf5 13. Ngf3 Nd3+ 14. Kf1 Qxe2+ 15. Kxe2 Nf4+ 16. Kf1 Be7 17. Nb3 Ne6 18. g4 Nd6 19. Kg2 O-O-O 20. Rd1 Nc4 21. Nbd4 Bc5 {1-0 Alekseev,E (2647)-Kovalenko,I (2663) Sochi Archibald op 1st 2019 (4)}) ({RR} 7. Nd2 Nd6 8. Qf3 e5 9. Qxd5 Be6 10. Qf3 exd4 11. Ne2 Ne5 12. Qg3 Nxd3+ 13. Qxd3 dxc3 14. Nxc3 Be7 15. O-O O-O 16. Re1 Nf5 17. Qxd8 Rfxd8 18. Nf3 h6 19. Bf4 Rac8 20. Rad1 Bb4 21. g4 Ne7 {0-1 Belyakov,B (2416)-Norowitz,Y (2402) Titled Tue 16th Jan Early 2024 (6)}) ({RR} 7. Nd2 f5 8. Ndf3 e6 9. Bf4 Bd6 10. Bxd6 Qxd6 11. Ne2 O-O 12. Qc1 Bd7 13. Qf4 Qxf4 14. Nxf4 a6 15. Be2 Rfb8 16. Nd3 b5 17. Nfe5 Nxe5 18. Nxe5 Be8 19. Rc1 Kf8 20. Bd3 Ke7 21. Bxe4 dxe4 {½-½ Rocas,O-Sanguinetti,R Mar del Plata International-09 1946 (18)}) ({RR} 7. Nf3 Bf5 8. Nh4 e6 9. Nxf5 exf5 10. Qf3 Qd7 11. Bf4 O-O-O 12. h4 Re8 13. Kd1 f6 14. h5 Rg8 15. Kc2 g5 16. hxg6 hxg6 17. g3 g5 18. Be3 Kb8 19. b3 Rc8 20. Kb2 Bd6 21. Nd2 g4 {0-1 Juarez,C-Foguelman,A ARG-ch49 Semifinal-A 1972 (2)}) 7... dxe4 8. d5 Ne5 9. Qa4+ Qd7 10. Qxe4 Qf5 11. Qxf5 Bxf5 12. Na3 O-O-O 13. Nf3 Nd3+ 14. Kf1 Rxd5 15. Nd4 Bg6 16. Be3 Nxb2 17. Kg1 e5 18. Ndc2 Ra5 19. Bc1 Nd3 20. Nc4 Rc5 21. N2e3 Nxc1 22. Rxc1 f5 23. Nd2 Be7 24. Nb3 Rc6 25. Nd5 Bg5 26. Re1 Bf7 27. Rxe5 Bxd5 28. Rxd5 g6 29. Rc5 Rxc5 30. Nxc5 Re8 31. g3 f4 32. gxf4 Bxf4 33. Kg2 g5 34. Kf3 b6 35. Ne4 Kb7 36. Rd1 Kc6 37. h4 Rf8 38. hxg5 Bxg5+ 39. Ke2 Re8 40. f3 Re6 41. Rg1 h6 42. Kd3 Re5 43. c4 Ra5 44. Kd4 Ra3 45. Nxg5 hxg5 46. Rxg5 Rxf3 47. Rg2 Rf4+ 48. Kc3 Rf6 49. Rh2 Rf5 50. Kb4 a5+ 51. Kc3 Kc5 52. Rh3 b5 53. cxb5 Kxb5 54. Rh4 a4 55. a3 Rf3+ 56. Kb2 Rf2+ 57. Kb1 Rf1+ 58. Kb2 Rf2+ 59. Kb1 Rf1+ 60. Kb2 Rf2+ 1/2-1/2

[Event "Olympiad Women 2024"]
[Site "Budapest HUN"]
[Date "2024.09.20"]
[Round "9.53"]
[Board "4"]
[White "El Barbry, Sarah"]
[Black "Takali Milly"]
[Result "0-1"]
[WhiteElo "1862"]
[BlackElo "1707"]
[PlyCount "66"]
[EventDate "2024.09.11"]
[WhiteTeam "Morocco"]
[BlackTeam "Uganda"]
[WhiteTeamCountry "MAR"]
[BlackTeamCountry "UGA"]

1. e4 c5 2. Nc3 d6 3. Bc4 g6 4. d3 Bg7 5. f4 Nf6 6. Nf3 O-O 7. O-O Nc6 8. Qe1 Bg4 9. Qh4 Bxf3 10. Rxf3 e6 11. f5 d5 12. Bb3 c4 13. Ba4 dxe4 $146 ({RR} 13... Nd4 14. Rh3 b5 15. Bg5 h5 16. Nxb5 Nxb5 17. Bxb5 Qb6+ 18. Kh1 Ng4 19. Rf1 Qxb5 20. f6 Bh8 21. Rg3 cxd3 22. cxd3 dxe4 23. h3 Ne5 24. Bh6 Rfd8 25. Qxh5 Rxd3 26. Rxg6+ fxg6 27. f7+ Kh7 28. Qh4 {0-1 Burke,M (2012)-Blake,J (1833) GBR-ch Major 104th 2017 (7)}) 14. dxe4 exf5 15. Bxc6 Qb6+ 16. Kh1 Qxc6 17. exf5 Rfe8 18. Bg5 Ne4 19. f6 Nxc3 20. fxg7 Ne4 21. Bh6 Re5 22. Raf1 f5 23. Be3 Rae8 24. Qh6 Nf6 25. h3 Re4 26. Kh2 Nd5 27. Bg5 Qc7+ 28. Kh1 Qxg7 29. Kh2 Qxb2 30. Rd1 Qe5+ 31. Bf4 Nxf4 32. Rd7 Nh5+ 33. Kg1 Re1+ 0-1

[Event "Olympiad Women 2024"]
[Site "Budapest HUN"]
[Date "2024.09.20"]
[Round "9.54"]
[Board "1"]
[White "Seine, Rose Berline"]
[Black "Marape, Naledi"]
[Result "1-0"]
[WhiteElo "1778"]
[BlackElo "1926"]
[PlyCount "179"]
[EventDate "2024.09.11"]
[WhiteTeam "Haiti"]
[BlackTeam "Botswana"]
[WhiteTeamCountry "HAI"]
[BlackTeamCountry "BOT"]

1. d4 Nf6 2. c4 g6 3. b3 Bg7 4. Bb2 d5 5. e3 O-O 6. Nf3 ({RR} 6. Nc3 e6 7. Nf3 Nbd7 8. Bd3 b6 9. O-O Bb7 10. Rc1 c5 11. Ba3 Rc8 12. Nb5 Qe7 13. Qe2 a6 14. Nc3 e5 15. dxe5 Nxe5 16. Nxe5 Qxe5 17. cxd5 Nxd5 18. Nxd5 Qxd5 19. f3 Rfe8 20. Rfd1 Qe5 {0-1 Mut,F (1526)-Muennich,L (1699) Main Vogelsberg op 15th 2021 (5.19)}) 6... c6 7. Be2 Bf5 $146 ({RR} 7... Nbd7 8. O-O Ne4 9. Nc3 Ndf6 10. Ne5 Nxc3 11. Bxc3 Ne4 12. Bb2 Qa5 13. Qc2 Bf5 14. Nd3 h5 15. b4 Qd8 16. c5 h4 17. f3 Nf6 18. Qd2 Nd7 19. Nf2 e5 20. e4 Be6 21. dxe5 Nxe5 22. f4 {0-1 Spiridonov,E (1921)-Sakhvadze,G (2105) Kislovodsk Narzan op 2012 (3)}) ({RR} 7... Ne4 8. O-O Nd7 9. cxd5 cxd5 10. Nc3 Nef6 11. Rc1 {½-½ Loifenfeld,J (2416)-De Gleria,F (2427) BL2-West 0203 2002 (4.5)}) 8. O-O Bxb1 9. Qxb1 Nbd7 10. cxd5 Nxd5 11. Rd1 Qb6 12. Nd2 a5 13. a4 e5 14. dxe5 Nxe5 15. Qc1 Qc7 16. Ne4 Rfd8 17. f4 f5 18. Ng5 Qe7 19. e4 Nd7 20. Bxg7 Kxg7 21. exd5 Qxe2 22. Re1 Qd3 23. Re7+ Kf8 24. Rf7+ Kg8 25. Qb2 Qe3+ 26. Kh1 Ne5 27. Rxb7 Rxd5 28. Qc1 Qxc1+ 29. Rxc1 Nd7 30. Kg1 h6 31. Nf3 c5 32. Rc2 Rb8 33. Rxb8+ Nxb8 34. Ne5 Kg7 35. Kf2 Kf6 36. Ke3 Na6 37. Rd2 Nb4 38. g3 g5 39. Nc4 gxf4+ 40. Kxf4 Rxd2 41. Nxd2 Nd3+ 42. Ke3 Nc1 43. h3 Ke6 44. h4 h5 45. Kf4 Kf6 46. Nc4 Nxb3 47. Ke3 Ke6 48. Kd3 Nc1+ 49. Kd2 Nb3+ 50. Kc3 Nd4 51. Kd3 Nc6 52. Ne3 Ne5+ 53. Kc3 c4 54. Ng2 Kd5 55. Nf4+ Kc5 56. Nxh5 Nf7 57. Nf4 Nh6 58. Ne6+ Kd6 59. Nf4 Kc5 60. Ng2 Ng4 61. Nf4 Nf6 62. h5 Ng4 63. Ne6+ Kd6 64. Nd4 Nf6 65. Nxf5+ Ke5 66. Ng7 Ng4 67. Kxc4 Kf6 68. Ne8+ Kg5 69. Kb5 Kxh5 70. Kxa5 Ne5 71. Kb5 Nd7 72. a5 Nb8 73. Kb6 Kg6 74. Kb7 Nd7 75. Nd6 Kf6 76. Kc7 Nc5 77. Kc6 Na6 78. Ne4+ Kg6 79. Nc5 Nb4+ 80. Kb5 Nd5 81. Ne6 Kf6 82. Nf4 Ne7 83. a6 Nc8 84. Kc6 Na7+ 85. Kb7 Nb5 86. Nd5+ Ke5 87. Nc7 Nd6+ 88. Kb8 Nc4 89. a7 Nb6 90. Kb7 1-0

[Event "Olympiad Women 2024"]
[Site "Budapest HUN"]
[Date "2024.09.20"]
[Round "9.54"]
[Board "2"]
[White "Banda Natalie Katlo"]
[Black "Cadeau, Merisena"]
[Result "1-0"]
[WhiteElo "1893"]
[BlackElo "1671"]
[PlyCount "103"]
[EventDate "2024.09.11"]
[WhiteTeam "Botswana"]
[BlackTeam "Haiti"]
[WhiteTeamCountry "BOT"]
[BlackTeamCountry "HAI"]

1. d4 d5 2. Nf3 Nf6 3. e3 Bf5 4. c4 e6 5. Qb3 b6 6. Nc3 c5 7. cxd5 exd5 8. Bb5+ Nbd7 9. Nxd5 Be6 10. Nxf6+ Qxf6 11. Bxd7+ $146 ({RR} 11. Bc4 Be7 12. Bxe6 fxe6 13. Qb5 a6 14. Qc6 Rd8 15. O-O O-O 16. dxc5 Bxc5 17. Qe4 h6 18. Rb1 e5 19. b3 a5 20. Bb2 Rde8 21. Rfd1 Rf7 22. Qc4 Kh8 23. Rd5 Qg6 24. Rbd1 b5 25. Qe2 e4 {½-½ Ofenheim,A (1639)-Soares Costa,A Santos Paulista Absoluto 2010 (6)}) 11... Bxd7 12. Bd2 Be7 13. dxc5 Bxc5 14. Bc3 Qh6 15. Ne5 Qe6 16. Nxd7 Qxb3 17. Nf6+ gxf6 18. axb3 Ke7 19. b4 Bd6 20. Ra6 Rhd8 21. Ke2 Rd7 22. Rha1 b5 23. R1a5 Rb7 24. Bxf6+ Kd7 25. Bc3 Bc7 26. Ra1 Bb6 27. Rd1+ Ke6 28. Bd4 Rg8 29. g3 Rc8 30. Bc5 Rc6 31. e4 Ke5 32. f3 f6 33. Rd5+ Ke6 34. Kd3 Rb8 35. Bxb6 axb6 36. Rxb5 Rd8+ 37. Ke3 Rdd6 38. f4 Rc2 39. Rbxb6 Rxb6 40. Rxb6+ Kf7 41. h4 Rxb2 42. Rb7+ Kg8 43. e5 Rb3+ 44. Ke4 fxe5 45. fxe5 Rxg3 46. Kf5 Rg1 47. e6 Rf1+ 48. Kg5 Rg1+ 49. Kf6 Rf1+ 50. Ke7 Rg1 51. Kd8 Rd1+ 52. Rd7 1-0

[Event "Olympiad Women 2024"]
[Site "Budapest HUN"]
[Date "2024.09.20"]
[Round "9.54"]
[Board "3"]
[White "Jonet, Davena"]
[Black "Mosweu, Atlang Amolemo"]
[Result "0-1"]
[WhiteElo "1659"]
[BlackElo "1797"]
[PlyCount "80"]
[EventDate "2024.09.11"]
[WhiteTeam "Haiti"]
[BlackTeam "Botswana"]
[WhiteTeamCountry "HAI"]
[BlackTeamCountry "BOT"]

1. d4 d5 2. Bf4 Bf5 3. e3 e6 4. Bd3 Bxd3 5. Qxd3 ({RR} 5. cxd3 Bd6 6. Bg3 Ne7 7. Nf3 O-O 8. O-O c5 9. dxc5 Bxc5 10. Qb3 Qb6 11. Qxb6 Bxb6 12. Nc3 Nbc6 13. Na4 Rfc8 14. Nxb6 axb6 15. a3 f6 16. Rfc1 Kf7 17. Nd2 e5 18. f3 Ke6 19. Kf1 g5 {½-½ Kamsky,G (2655)-Melkumyan,H (2655) Chess.com Rapid Wk17 Swiss 2022 (3)}) 5... c6 ({RR} 5... Nf6 6. Nd2 c5 7. c3 Bd6 8. Bg3 O-O 9. Ngf3 Nc6 10. Ne5 c4 11. Qe2 Qc7 12. f4 Rfe8 13. O-O Nd7 14. Rf3 f6 15. Ng4 e5 16. fxe5 fxe5 17. Qf2 exd4 18. Bxd6 Qxd6 19. exd4 Rf8 20. Rf1 {0-1 Karliova,F-Devine,L (1414) European Schools Open 17 2024 (9.6)}) 6. Nf3 Nd7 7. c4 $146 ({RR} 7. O-O Ngf6 8. Nbd2 Be7 9. h3 O-O 10. e4 dxe4 11. Nxe4 Nxe4 12. Qxe4 Nf6 13. Qd3 Nd5 14. Be5 Bf6 15. c4 Nb6 16. Qb3 Bxe5 17. dxe5 Qe7 18. a4 Qc5 19. a5 Qxc4 20. Qxc4 Nxc4 21. Rfc1 Nxb2 {½-½ Stanford,S (2125)-Domuta,A (2035) Wch U20 Girls 1991}) ({RR} 7. O-O Ngf6 8. h3 {½-½ Boskovic,D (2417)-Ilincic,Z (2447) Subotica Spartak-A 2010 (9)}) ({RR} 7. O-O Ngf6 8. c4 Be7 9. Nc3 O-O 10. h3 {½-½ Benkovic,P (2418)-Kostic,V (2396) Srpska Republic-chT 1st League 2014 (7.1)}) 7... Ngf6 8. a3 Qa5+ 9. Nc3 Be7 10. O-O O-O 11. c5 Qd8 12. b4 b6 13. h3 a5 14. e4 axb4 15. axb4 Rxa1 16. Rxa1 bxc5 17. bxc5 dxe4 18. Nxe4 Nxc5 19. Nxc5 Bxc5 20. Rc1 Bd6 21. Be5 Qd7 22. Bxd6 Qxd6 23. Qa6 Nd5 24. Qxc6 Qf4 25. Ra1 Nb4 26. Qc5 Nd5 27. Rd1 Qf6 28. Ne5 Qg5 29. Nf3 Qh5 30. Qc1 h6 31. Rd2 g5 32. Qa3 Nf4 33. Ne5 Nd5 34. Qf3 Qxf3 35. Nxf3 Kg7 36. Kh2 Rd8 37. Kg3 Nf6 38. Ra2 Ne4+ 39. Kg4 f5+ 40. Kh5 Nf6# 0-1

[Event "Olympiad Women 2024"]
[Site "Budapest HUN"]
[Date "2024.09.20"]
[Round "9.54"]
[Board "4"]
[White "Rebatenne, Boitshepo"]
[Black "Dunat, Kineberlie"]
[Result "0-1"]
[WhiteElo "1696"]
[BlackElo "1582"]
[PlyCount "74"]
[EventDate "2024.09.11"]
[WhiteTeam "Botswana"]
[BlackTeam "Haiti"]
[WhiteTeamCountry "BOT"]
[BlackTeamCountry "HAI"]

1. d4 d5 2. Bf4 Nf6 3. e3 Bf5 4. Nf3 e6 5. Bd3 Bxd3 6. Qxd3 Nbd7 7. Nbd2 c5 8. c3 c4 9. Qc2 Be7 ({RR} 9... Nh5 10. Bg3 Nxg3 11. hxg3 h6 12. b3 b5 13. a4 a6 14. O-O Be7 15. e4 O-O 16. Rfe1 Nb6 17. axb5 axb5 18. Rxa8 Nxa8 19. Ne5 Bd6 20. exd5 Bxe5 21. Rxe5 exd5 22. bxc4 bxc4 23. Qa4 Nc7 24. Nf1 {½-½ Zheng,Q (1547)-Liu,Y (1840) ch-CHN Personal GpB w 2024 (11.15)}) 10. e4 dxe4 11. Nxe4 Nxe4 $146 ({RR} 11... Nd5 12. Bg3 b5 13. Bd6 O-O 14. O-O f5 15. Bxe7 Qxe7 16. Ned2 Rf6 17. Rfe1 Rg6 18. Nf1 Qd6 19. Ne5 Nxe5 20. Rxe5 Rc8 21. Rae1 Nf4 22. g3 Nd3 23. f4 Nxe1 24. Rxe1 Qb6 25. Ne3 b4 26. Kf2 {0-1 Krajacic,I (1690)-Batory,L (1638) CRO-chT U16 9th 2014 (2.33)}) 12. Qxe4 b5 13. Qc6 O-O 14. Qxb5 Rc8 15. Qa4 a5 16. O-O Nf6 17. Rfe1 Qb6 18. Rab1 Nd5 19. Bg3 Bf6 20. Nd2 Qa6 21. Ne4 Be7 22. Re2 f5 23. Nc5 Bxc5 24. dxc5 f4 25. Bh4 f3 26. Re4 Rxc5 27. Qd7 fxg2 28. Rxe6 Qc8 29. Qd6 Nf4 30. Re7 Qf5 31. Rd1 Nh3+ 32. Kxg2 Qf3+ 33. Kf1 Qh1+ 34. Ke2 Qf3+ 35. Ke1 Qh1+ 36. Kd2 Rd5+ 37. Kc1 Qxd1# 0-1

[Event "Olympiad Women 2024"]
[Site "Budapest HUN"]
[Date "2024.09.20"]
[Round "9.55"]
[Board "1"]
[White "Quevedo, Andreina"]
[Black "Karelina, Polina"]
[Result "0-1"]
[WhiteElo "1851"]
[BlackElo "1898"]
[PlyCount "124"]
[EventDate "2024.09.11"]
[WhiteTeam "Uruguay"]
[BlackTeam "Bahamas"]
[WhiteTeamCountry "URU"]
[BlackTeamCountry "BAH"]

1. e4 e5 2. Nf3 d6 3. d4 Qe7 4. Nc3 c6 5. a4 Nf6 6. Bd3 ({RR} 6. Be2 h6 7. h3 Qc7 8. Be3 Be7 9. O-O O-O 10. Re1 Re8 11. Bc4 Nbd7 12. Ba2 Nf8 13. Qd2 Be6 14. d5 Bd7 15. Rad1 c5 16. Nxe5 dxe5 17. d6 Bxd6 18. Qxd6 Qxd6 19. Rxd6 Be6 20. Bxc5 Bxa2 {0-1 Sanal,V (2551)-Fedoseev,V (2718) Wch Blitz Riadh 2017 (3)}) 6... Qc7 7. O-O Be7 8. Re1 $146 ({RR} 8. b3 Bg4 9. dxe5 dxe5 10. h3 Bh5 11. Bb2 Nbd7 12. Qe2 Nc5 13. Bc4 O-O 14. Qe3 Bg6 15. Nd2 Rfd8 16. Rad1 h6 17. Rfe1 a5 18. Kh2 Rd7 19. f3 Rad8 20. Ndb1 Nh5 21. g3 Rd4 22. Qe2 Bg5 {0-1 Yurtseven,M (2337)-Rasulov,V (2531) Titled Tue 3rd Sep Late 2024 (3)}) 8... h6 9. Bc4 Bg4 10. dxe5 dxe5 11. Be3 Nbd7 12. a5 Bb4 13. a6 b5 14. Bd3 Nc5 15. Bd2 Nxd3 16. cxd3 Qd6 17. h3 Bxf3 18. Qxf3 Rd8 19. d4 Qxd4 20. Be3 Qd7 21. Qg3 Kf8 22. Red1 Bd6 23. Bc5 Qe7 24. Qe3 Ne8 25. Bxa7 Nc7 26. Bb6 g6 27. g3 Kg7 28. Kg2 Ra8 29. a7 Ne6 30. Ne2 Rhc8 31. f4 c5 32. f5 gxf5 33. exf5 Nd4 34. Nc3 Qb7+ 35. Qe4 Qxb6 36. Nd5 Qd8 37. f6+ Kh8 38. Qh4 Bf8 39. Ne7 Rc7 40. Qg4 Rxe7 41. fxe7 Qxe7 42. Qe4 Qe8 43. Ra6 Bg7 44. Qb7 e4 45. Rf1 f5 46. Rb6 Kh7 47. Rf4 e3 48. Rh4 e2 49. Rbxh6+ Kg8 50. Qd5+ Kf8 51. Qxc5+ Qe7 52. Rh8+ Kf7 53. Qxe7+ Kxe7 54. Rxa8 e1=Q 55. Re8+ Kxe8 56. a8=Q+ Ke7 57. Qa7+ Ke6 58. Qb6+ Kd5 59. Qb7+ Kc4 60. Qc7+ Kd3 61. Qxg7 Qe2+ 62. Kg1 Nf3+ 0-1

[Event "Olympiad Women 2024"]
[Site "Budapest HUN"]
[Date "2024.09.20"]
[Round "9.55"]
[Board "2"]
[White "Thomas, Nelissa"]
[Black "Fabra, Nahiara"]
[Result "0-1"]
[WhiteElo "1631"]
[BlackElo "1932"]
[PlyCount "40"]
[EventDate "2024.09.11"]
[WhiteTeam "Bahamas"]
[BlackTeam "Uruguay"]
[WhiteTeamCountry "BAH"]
[BlackTeamCountry "URU"]

1. d4 d5 2. e3 c5 3. c3 Nc6 4. Bd3 ({RR} 4. f4 Bf5 5. Nf3 e6 6. Bd3 Bxd3 7. Qxd3 Nf6 8. Nbd2 Bd6 9. Ne5 Qb6 10. b3 O-O 11. Bb2 Rac8 12. Nxc6 Qxc6 13. O-O Rfd8 14. Qe2 Qc7 15. Qf3 Qa5 16. a4 Qa6 17. Rfd1 Qd3 18. Rac1 cxd4 {0-1 Turaev,H (2284)-Dreev,A (2653) Agzamov Memorial 04th 2010 (2)}) 4... e5 5. Bb5 $146 ({RR} 5. dxe5 Nxe5 6. Bb5+ Nc6 7. Nf3 a6 8. Be2 Nf6 9. O-O Bd6 10. Qc2 Ne7 11. h3 Bd7 12. Nbd2 Qc8 13. Nh2 Ng6 14. Re1 O-O 15. c4 Bxh3 16. gxh3 Qxh3 17. Ndf1 Nh4 18. Bf3 Ng4 {0-1 Oser,T (1944)-Aigner,G (2112) Kaiserbrunnen op 1st 2003 (7)}) ({RR} 5. dxe5 Nxe5 6. f4 Nxd3+ 7. Qxd3 Nf6 8. Nf3 Bd6 9. O-O O-O 10. Nbd2 Re8 11. b3 b6 12. Ba3 a5 13. c4 Ba6 14. Rad1 Qe7 15. Rde1 Rad8 16. Qc3 Ne4 17. Nxe4 Qxe4 18. Kh1 dxc4 19. bxc4 Qxc4 {0-1 Niyola Pinto (1015)-Vidruska,R (1963) Swiss Queens Wed #4 2024 (2.91)}) ({RR} 5. dxe5 Nxe5 6. Bb5+ Nc6 7. Nf3 Nf6 8. Ne5 Qc7 9. Qa4 Qxe5 10. Bxc6+ Nd7 11. Bb5 a6 12. Nd2 Rb8 13. Be2 b5 14. Qd1 Nf6 15. Nf3 Qc7 16. b3 Be7 17. Bb2 O-O 18. O-O Rd8 19. Qc2 c4 {0-1 Ceylan,M (1915)-Ozturk Orenli,K (2281) TUR-ch Antalya 2013 (3)}) 5... Bd6 6. Nf3 e4 7. dxc5 Bxc5 8. Ne5 Nge7 9. O-O O-O 10. Nxc6 bxc6 11. Ba4 Bd6 12. f4 exf3 13. Qxf3 Qc7 14. g3 Bh3 15. Rf2 f5 16. Bc2 Ng6 17. Nd2 Ne5 18. Qh5 Bg4 19. Qg5 Nf7 20. Qh4 g5 0-1

[Event "Olympiad Women 2024"]
[Site "Budapest HUN"]
[Date "2024.09.20"]
[Round "9.55"]
[Board "3"]
[White "Silva Rosas, Natalia"]
[Black "Johnson, Daijah"]
[Result "1-0"]
[WhiteElo "1868"]
[BlackElo "1625"]
[PlyCount "93"]
[EventDate "2024.09.11"]
[WhiteTeam "Uruguay"]
[BlackTeam "Bahamas"]
[WhiteTeamCountry "URU"]
[BlackTeamCountry "BAH"]

1. e4 c5 2. Nf3 e6 3. d3 d5 4. Nbd2 Nc6 5. g3 Bd6 6. Bg2 Nge7 7. O-O O-O 8. Re1 b6 9. Nf1 ({RR} 9. h4 a5 10. h5 h6 11. e5 Bc7 12. Nf1 Nf5 13. c3 f6 14. Bf4 fxe5 15. Nxe5 Bxe5 16. Bxe5 Ba6 17. Qd2 Qe8 18. Bc7 Qd7 19. Bxb6 Qd6 20. d4 cxd4 21. cxd4 Qb4 22. Rxe6 Ncxd4 23. Bxd4 Nxd4 {0-1 Yoo,C (2589)-Adhiban,B (2610) PRO League Prelim 2023 (3.1)}) ({RR} 9. h4 h6 10. h5 f5 11. exd5 exd5 12. c4 f4 13. cxd5 Nb4 14. Qb3 fxg3 15. fxg3 Bb7 16. Ne5 Nf5 17. Ndc4 Nd4 18. Qd1 Bxd5 19. Bf4 Bxg2 20. Kxg2 Nbc2 21. Qg4 Nxa1 22. Nc6 Nxc6 23. Nxd6 Nc2 {0-1 Levine,J (2372)-Cruz,C (2487) Charlotte Spring GMA 2024 (7.4)}) 9... Bb7 10. e5 Bc7 11. c3 Ng6 $146 ({RR} 11... d4 12. c4 Ng6 13. Bf4 Nxf4 14. gxf4 Ne7 15. Ng3 Ng6 16. Ne2 f6 17. Nfxd4 cxd4 18. Bxb7 Rb8 19. Be4 fxe5 20. Bxg6 hxg6 21. fxe5 Bxe5 22. Ng3 Qg5 23. Qe2 Rf5 24. Kh1 Qh4 25. f4 Bxf4 26. Nxf5 {½-½ Omurbekova,D (1832)-Sultana,S (1978) Asia-chT rapid (Women) 5th 2017 (3.1)}) 12. Bg5 Qd7 13. d4 h6 14. Bd2 Rac8 15. Ne3 a6 16. Ng4 Kh7 17. h4 Bd8 18. h5 Nh8 19. Bf4 f5 20. exf6 Bxf6 21. Qd3+ Kg8 22. Nxf6+ Rxf6 23. Bh3 Re8 24. Nh2 Bc8 25. Ng4 Rff8 26. Nh2 Qf7 27. Qe2 Kh7 28. Bd6 Rg8 29. Bg2 cxd4 30. cxd4 g6 31. Nf3 Rd8 32. Ba3 a5 33. Rac1 Bd7 34. Rc3 Qf6 35. Ne5 Nxd4 36. hxg6+ Nxg6 37. Qd3 Bb5 38. Qxd4 Nxe5 39. Qxe5 Qxe5 40. Rxe5 d4 41. Rc7+ Bd7 42. Rxe6 Rg7 43. Be4+ Kg8 44. Rd6 Kh8 45. Rxd4 Kg8 46. b3 b5 47. Bc6 1-0

[Event "Olympiad Women 2024"]
[Site "Budapest HUN"]
[Date "2024.09.20"]
[Round "9.56"]
[Board "1"]
[White "Johnson, Gabriella"]
[Black "Shipindo, Rauha"]
[Result "1-0"]
[WhiteElo "1896"]
[BlackElo "1677"]
[PlyCount "53"]
[EventDate "2024.09.11"]
[WhiteTeam "Trinidad & Tobago"]
[BlackTeam "Namibia"]
[BlackTeamCountry "NAM"]

1. e4 c6 2. d4 d5 3. exd5 cxd5 4. Bd3 Nc6 5. c3 Qc7 6. h3 g6 7. Nf3 Bg7 8. O-O Bf5 9. Re1 Nf6 10. Qe2 ({RR} 10. Bf1 O-O 11. Na3 Ne4 12. Nc2 Rad8 13. Ne3 a6 14. Bd3 b5 15. a4 b4 16. Nxd5 Rxd5 17. Bxe4 Bxe4 18. Rxe4 bxc3 19. bxc3 Na5 20. Ba3 Qxc3 21. Bxe7 Rb8 22. Rc1 Qb3 23. Qe2 Qxa4 24. Qxa6 Qd7 {0-1 Piorun,K (2592)-Kaplan,A (2113) Titled Tue 13th Feb Early 2024 (3)}) 10... Bxd3 11. Qxd3 O-O 12. Nbd2 $146 ({RR} 12. Be3 Rfc8 13. Nbd2 e6 14. Bg5 b5 15. Ne5 Nxe5 16. dxe5 Nd7 17. f4 b4 18. cxb4 Qb6+ 19. Qe3 Qxb4 20. Nb3 a5 21. a3 Qb7 22. Re2 a4 23. Nd4 Rc4 24. b3 axb3 25. Nxb3 Re4 {0-1 Linnert,N (2046)-Roesemann,R (2247) Oberliga Ost-A 1920 2019 (11.5)}) 12... Rfe8 13. Ne5 Nh5 14. Ndf3 Nf6 15. Bf4 Ne4 16. Re2 Qc8 17. c4 f6 18. cxd5 Nxf2 19. Rxf2 fxe5 20. dxe5 Nd8 21. Rc1 Qd7 22. e6 Qa4 23. Be5 Qxa2 24. Bxg7 Kxg7 25. Qd4+ Kg8 26. Ng5 Qa6 27. Nf7 1-0